000 01202cam a2200337 i 4500
001 15218226
003 EG-ScBUE
005 20241013114816.0
008 080313t2009 caua f 001 0 eng d
020 _a049555622X
020 _a9780495556220
040 _aDLC
_beng
_erda
_cDLC
_dDLC
_dEG-ScBUE
082 0 4 _a515.35
_222
_bZIL
100 1 _aZill, Dennis G.,
_d1940-
_eauthor.
_925467
245 1 2 _aA first course in differential equations with modeling applications /
_cDennis G. Zill, Loyola Marymount University.
250 _aNinth edition.
250 _aInternational student edition.
264 1 _aBelmont, CA :
_bBrooks/Cole, Cengage Learning,
_c[2009]
264 4 _cc2009
300 _a1 volume (various pagings) :
_bcolor illustrations ;
_c29 cm
336 _2rdacontent
_atext
_btxt
337 _aunmediated
_2rdamedia
_bn
338 _avolume
_bnc
_2rdacarrier
500 _aIncludes index.
650 7 _aDifferential equations
_vTextbooks.
_2BUEsh
_925468
653 _cJune2011
655 _vReading book
856 4 1 _3Table of contents only
_uhttp://www.loc.gov/catdir/toc/fy0805/2008924906.html
942 _2ddc
_cBB
999 _c15622
_d15622